00253 a2200109 4500000002500000100002000025110002000045245003000065250002000095260001400115264001400129 nam a22 7a 4500 aSingh, Savindra aSingh, Savindra aFundamentals of Hydrology aLatest edition  bPravalika bPravalika